000 00212 a2200109 4500
020 _a1562703072
041 _aspa
100 _aPatricia Kelly
245 _aBusca en la bolsa de Mama
942 _cBK
952 _74
999 _c19950
_d19950